| 000 | 00776nam a22001695i 4500 | ||
|---|---|---|---|
| 001 | 160325 | ||
| 003 | ES-MaACL | ||
| 005 | 20230906212012.0 | ||
| 008 | 010605s1857 sp |||| | spa d | ||
| 040 |
_aCAM _bspa _cCAM |
||
| 245 | 0 | 4 |
_aUna mujer de historia _b: comedia en cuatro actos / _cescrita sobre otra de un autor francés por Manuel Ortiz de Pinedo. |
| 260 |
_aMadrid : _b[Gullon y Regoyos], _c1857 ( _fImprenta de José Rodriguez) |
||
| 300 |
_a61 p. ; _c20 cm. |
||
| 596 | _aEd. tomado de verso de la port. y serie de la cub. | ||
| 700 | 0 |
_aOrtíz de Pinedo, Manuel. _987604 |
|
| 852 |
_aES-MaACL _jF-8564(1) _z-- Enc. pasta española _q-- Falto de la cub. original _z-- Enc. en un vol. facticio formando parte de la col. facticia "Teatro español moderno", vol. 16 |
||
| 999 |
_c160325 _d160325 |
||